书目信息 |
| 题名: |
义务教科书.英语九年级:全一册
|
|
| 作者: | 郑旺全 张献臣 主编 | |
| 分册: | ||
| 出版信息: | 北京 人民教育出版社 2014.03 |
|
| 页数: | 185页 | |
| 开本: | 24cm | |
| 丛书名: | ||
| 单 册: | ||
| 中图分类: | G633.413 | |
| 科图分类: | ||
| 主题词: | 教育--各级 | |
| 电子资源: | ||
| ISBN: | 978-7-107-28002-3 | |
| 000 | 00667nam0 2200181 450 | |
| 001 | 202410303855018557 | |
| 005 | 20241112151646.33 | |
| 010 | @a978-7-107-28002-3@d¥12.05 | |
| 100 | @a20241030d km y0chiy0120 ea | |
| 101 | 0 | @achi |
| 200 | 1 | @a义务教科书.英语九年级:全一册@AYi Wu Jiao Ke Shu.Ying Yu Jiu Nian Ji:Quan Yi Ce@f郑旺全 张献臣主编@FZheng Wang Quan Zhang Xian Chen Zhu Bian |
| 210 | @a北京@c人民教育出版社@d2014.03 | |
| 215 | @a185页@d24cm | |
| 606 | 0 | @a教育@x各级 |
| 690 | @aG633.413@v4 | |
| 701 | 0 | @a郑旺全 张献臣@AZheng Wang Quan Zhang Xian Chen@4主编 |
| 801 | 0 | @aCN@b大连网信软件有限公司图书馆·11@c20241112 |
| 905 | @aZUCC@b1428333@dG633.413@e1060@f1 | |
| 义务教科书.英语九年级:全一册/郑旺全 张献臣主编.-北京:人民教育出版社,2014.03 |
| 185页;24cm |
| ISBN 978-7-107-28002-3:¥12.05 |
| ● |
| 相关链接 |
|
|
|
|
正题名:义务教科书·英语九年级:全一册
索取号:G633.413/1060
 
预约/预借
| 序号 | 登录号 | 条形码 | 馆藏地/架位号 | 状态 | 备注 |
| 1 | 1428333 | 214283336 | 密集书库—外国语学院/ [索取号:G633.413/1060] | 在馆 |